It looks like you're offline.
Open Library logo
additional options menu

MARC Record from Library of Congress

Record ID marc_loc_updates/v40.i17.records.utf8:2289821:1133
Source Library of Congress
Download Link /show-records/marc_loc_updates/v40.i17.records.utf8:2289821:1133?format=raw

LEADER: 01133cam a2200325 a 4500
001 2006000934
003 DLC
005 20120423140158.0
008 060111s2006 nyua a 000 1 eng
010 $a 2006000934
020 $a0525477543
020 $a9780525477549
035 $a(OCoLC)ocm64207971
035 $a(OCoLC)64207971
040 $aDLC$cDLC$dIG#$dBAKER$dBTCTA$dYDXCP$dXY4$dDLC
042 $alcac
050 00 $aPZ7.S3286$bSjm 2006
082 00 $a[E]$222
100 1 $aSchachner, Judith Byron.
245 10 $aSkippyjon Jones in mummy trouble /$cJudy Schachner.
250 $a1st ed.
260 $aNew York :$bDutton Children's Books,$cc2006.
300 $a1 v. (unpaged) :$bcol. ill. ;$c24 x 28 cm.
520 $aSkippyjon Jones, a Siamese kitten who thinks he's a Chihuahua, dreams of traveling to ancient Egypt with his gang of Chihuahua amigos.
650 1 $aSiamese cat$vFiction.
650 1 $aCats$vFiction.
650 1 $aChihuahua (Dog breed)$vFiction.
650 1 $aDogs$vFiction.
650 1 $aMummies$vFiction.
856 42 $3Publisher description$uhttp://www.loc.gov/catdir/enhancements/fy1204/2006000934-d.html